Most Populous Counties in Georgia - Statistics

General Stats
  • This quiz has been taken 36 times
  • The average score is 9 of 15
Answer Stats
Population County % Correct
1,091,550 {Fulton} County
100%
768,283 {Cobb} County
94%
768,079 {DeKalb} County
87%
954,076 {Gwinnett} County
87%
268,491 {Cherokee} County
68%
258,770 {Forsyth} County
65%
289,958 {Chatham} County
61%
204,220 {Richmond} County
58%
298,374 {Clayton} County
55%
210,247 {Hall} County
48%
244,227 {Henry} County
48%
198,969 {Muscogee} County
35%
177,895 {Paulding} County
32%
162,543 {Houston} County
23%
161,988 {Columbia} County
19%
No matching quizzes found
Score Distribution
Percent of People with Each Score
Percentile by Number Answered
Your Score History
You have not taken this quiz